000 00358nam a22001457a 4500
008 230901b ||||| |||| 00| 0 eng d
020 _a0716711087
041 _aeng
080 _a159.9
082 _a159.9PRI
100 _a25
101 _aPSI
245 _aFROM BEING TO BECOMING TIME AND COMPLEXITY IN PHYSICAL SCIENCES
_cPRIGOGINE.I
942 _2udc
_cBK
999 _c60239
_d60239